000 00658nas a2200229 4500
001 BR9103375
003 BR-BrBNA
005 20231205092103.0
007 ta
008 230509b bl.|||p| |||| 00| 00por d
040 _aBR-BrBNA
_bpor
_cBiblioteca Nacional de Agricultura
041 _a(Pt)
072 _aJ10
100 1 _aPitombo, L.H.
245 1 _aMilho; cuidados na armazenagem garantem qualidade e producao
650 _aMILHO
650 _aARMAZENAMENTO
650 _aEXPURGO
773 0 _tBalde Branco (Brazil)
_xISSN 0005-4275
_g(Apr 1990), v. 26(306) p. 23-25
_wBR9103375
909 _a202311
_bLúcia
_c55
_dLúcia Elande
942 _2AGRIS
_n0
_cANA
999 _c129228
_d129228